|
|
|
|
| LEADER |
02479nam a22005175i 4500 |
| 001 |
978-0-306-47061-5 |
| 003 |
DE-He213 |
| 005 |
20151204165233.0 |
| 007 |
cr nn 008mamaa |
| 008 |
100301s2002 xxu| s |||| 0|eng d |
| 020 |
|
|
|a 9780306470615
|9 978-0-306-47061-5
|
| 024 |
7 |
|
|a 10.1007/b115100
|2 doi
|
| 040 |
|
|
|d GrThAP
|
| 050 |
|
4 |
|a QC176-176.9
|
| 072 |
|
7 |
|a PNFS
|2 bicssc
|
| 072 |
|
7 |
|a SCI077000
|2 bisacsh
|
| 082 |
0 |
4 |
|a 530.41
|2 23
|
| 100 |
1 |
|
|a Sheahen, Thomas P.
|e author.
|
| 245 |
1 |
0 |
|a Introduction to High-Temperature Superconductivity
|h [electronic resource] /
|c by Thomas P. Sheahen.
|
| 264 |
|
1 |
|a Boston, MA :
|b Springer US,
|c 2002.
|
| 300 |
|
|
|a XVIII, 580 p.
|b online resource.
|
| 336 |
|
|
|a text
|b txt
|2 rdacontent
|
| 337 |
|
|
|a computer
|b c
|2 rdamedia
|
| 338 |
|
|
|a online resource
|b cr
|2 rdacarrier
|
| 347 |
|
|
|a text file
|b PDF
|2 rda
|
| 490 |
1 |
|
|a Selected Topics in Superconductivity
|
| 505 |
0 |
|
|a Superconductivity -- and Overview -- Magnetism and Currents in Superconductors -- Refrigeration -- Industrial Applications -- Sensitive Applications -- Basic Concepts of Theory of Superconductivity -- The New Superconductors -- High-Temperature Superconductivity (HTSC) Basic Properties -- Structure -- Phase Equilibrium -- Effects of Doping -- Mechanical Properties -- Theory of HTSCs -- Weak Links -- Carrying Electricity -- Flux Pinning -- Processing Methods -- Wire -- Protecting Against Damage -- AC Losses -- Electric Power Applications of HTSC -- Transmission Lines -- Levitation -- Superconducting Magnetic Energy Storage -- Electric Motors -- Fault Current Limiters -- Future Possibilities -- New Refrigerators -- Applications to Measurement and Process Control -- High Magnetic Fields -- Organic Superconductors -- Aerospace Applications.
|
| 650 |
|
0 |
|a Physics.
|
| 650 |
|
0 |
|a Condensed matter.
|
| 650 |
|
0 |
|a Solid state physics.
|
| 650 |
|
0 |
|a Crystallography.
|
| 650 |
|
0 |
|a Spectroscopy.
|
| 650 |
|
0 |
|a Microscopy.
|
| 650 |
1 |
4 |
|a Physics.
|
| 650 |
2 |
4 |
|a Solid State Physics.
|
| 650 |
2 |
4 |
|a Spectroscopy and Microscopy.
|
| 650 |
2 |
4 |
|a Condensed Matter Physics.
|
| 650 |
2 |
4 |
|a Crystallography.
|
| 710 |
2 |
|
|a SpringerLink (Online service)
|
| 773 |
0 |
|
|t Springer eBooks
|
| 776 |
0 |
8 |
|i Printed edition:
|z 9780306447938
|
| 830 |
|
0 |
|a Selected Topics in Superconductivity
|
| 856 |
4 |
0 |
|u http://dx.doi.org/10.1007/b115100
|z Full Text via HEAL-Link
|
| 912 |
|
|
|a ZDB-2-PHA
|
| 912 |
|
|
|a ZDB-2-BAE
|
| 950 |
|
|
|a Physics and Astronomy (Springer-11651)
|